000 00819nam a2200181Ia 4500
008 090124s9999 xx 000 0 und d
082 _b129080
100 _aघाणेकर प्रफुल्ल केशव ( प्र.के.)
245 _a साद सह्याद्रीची भटकंती किल्लांची
250 _a3
260 _c1996
300 _a315
600 _aघाणेकर प्रफुल्ल केशव ( प्र.के.)
630 _a साद सह्याद्रीची भटकंती किल्लांची
700 _aघाणेकर प्रफुल्ल केशव ( प्र.के.)
730 _a साद सह्याद्रीची भटकंती किल्लांची
942 _cBOOK
999 _c175169
_d175169